Villes antiques : Méditerranée et Proche-Orient - Carte Quiz - Statistiques

Statistiques générales
  • Ce quiz a été pris 9 297 fois
  • Le résultat moyen est 9 sur 16
Réponses sur la Carte
Les réponses sont colorées sur une échelle allant du rouge au vert en fonction du pourcentage des utilisateurs qui les ont devinées à leur premier essai. Vous pouvez retrouver ces pourcentages ci-dessous.
 
Statistiques - réponses
Réponse % Correct
Rome
92%
Alexandrie
87%
Athènes
85%
Constantinople
82%
Carthage
75%
Rhodes
64%
Thèbes/Louxor
62%
Sparte
61%
Babylone
54%
Memphis
47%
Persépolis
46%
Antioche
38%
Palmyre
35%
Tyr
34%
Éphèse
31%
Uruk
28%
Aucun quiz correspondant
Distribution des résultats
% des personnes avec chaque résultat
Percentile par nombre de réponses
Votre historique - résultats
Vous n’avez pas pris ce quiz